000 00319nam a2200121 a 4500
005 20140414131900.0
008 100916s19uu xx 00 eng d
050 _aFIC
_bB62 1991
100 _aBloss, Janet Adele
245 _aFrog soup and bug breath.
260 _aFlorida :
_bWillowisp Press,
_c1991.
999 _c110633
_d110633